000 00718 a2200193 4500
003 Nust
005 20221125092533.0
040 _cNust
082 _a621.3813,TRO
100 _aR.E Trotman
_9103552
245 _aLongitudinal space-charge waves /
_cR.E Trotman
250 _a1st ed
260 _aChapman and Hall Ltd
_bLondon
_c1966
300 _ax, 219 p
_billus
_c24 cm
505 _aIntroduction (Page-1), Propagation of Space Charge Waves on Mono Velocity (Page-8), Increasing Space Charges Waves (Page-68), The Propagation of Space Charge Wave on Multi Velocity Beams (Page-157), General Conclusions (Page-184),
600 _aR.E Trotman
_9103552
650 _aTelecommunication Engineering
942 _2ddc
_cBK
999 _c181724
_d181724